Barcelona 1927 : anuario de la ciudad anuario de la ciudad
Descripción Física:
187 p. : il. ; 35 cm
Otros Autores:
Sociedad de Atracción de Forasteros
MARC
| LEADER | 00000nam a2200000Ia 4500 | ||
|---|---|---|---|
| 001 | 1841 | ||
| 008 | 160829s9999 xx 000 0 cat d | ||
| 080 | |a FOL-1-14 | ||
| 245 | |a Barcelona 1927 : |b anuario de la ciudad | ||
| 260 | |a Barcelona : |b Sociedad de Atracción de Forasteros (Syndicat d'Initiative), [s.a.] | ||
| 300 | |a 187 p. : |b il. ; |c 35 cm | ||
| 650 | |a Barcelona |x Descripcions i viatges |x 1927 |9 34063 | ||
| 700 | |a Sociedad de Atracción de Forasteros |9 29079 | ||
| 901 | |a Arxiu | ||
| 942 | |n 1 | ||
| 952 | |0 0 |1 0 |4 0 |6 FOL114 |7 1 |9 46371 |a Arxiu |b Arxiu |d 2016-12-01 |l 0 |o FOL-1-14 |p 1841 |r 2016-12-01 00:00:00 |w 2016-12-01 |y ARXIU | ||
| 999 | |c 50156 |d 50156 | ||